Statistics for GCSE AQA English - An Inspector Calls

Click here to take the quiz!

General Stats

  • This quiz has been taken 194 times
  • The average score is 2 of 18

Answer Stats

HintAnswer% Correct
POOR "daisy"renton
73%
INSPECTOR "we are all"members of one body
34%
SHEILA "these girls"aren't cheap labour they're people
33%
INSPECTOR "each of you"helped to kill her
12%
MRS BIRLING "she only"had herself to blame
11%
POOR "as if a girl"of that sort would ever refuse money
9%
BIRLING "fiddlesticks!"the Germans don't want war
7%
ERIC "she was"pretty and a good sport
5%
SHEILA "I suppose"we're all nice people now
5%
MRS BIRLING "she was claiming"elaborate fine feelings
4%
POOR "I hate those"hard-eyed dough faced women
4%
ERIC "could I"have a drink first?
3%
MRS BIRLING "no- "eric-please
1%
SHEILA "you were"the wonderful fairy prince
1%
ERIC "eric is"brooding desperately
0%
INSPECTOR "need not be a"large man but creates an impression of massivness
0%
BIRLING "as if"we were all mixed up like bees in a hive
0%
BIRLING "why you hysterical"young fool - get back - or I'll -
0%

Score Distribution

Percentile by Number Answered

Percent of People with Each Score

Your Score History

You have not taken this quiz